| 000 | 01036nam a22003017a 4500 | ||
|---|---|---|---|
| 001 | 5439 | ||
| 003 | FISKH | ||
| 005 | 20241206125201.0 | ||
| 008 | 241206b cb ||||| |||| 00| 0 eng d | ||
| 020 | _a0152305750 | ||
| 040 |
_aFISKH _beng _cFISKH _dFISKH |
||
| 050 | _aD804.Z85 | ||
| 082 | _a940.53 | ||
| 100 | _aKendall, Carol | ||
| 245 |
_aThe gammage cup / _cby Carol Kendall |
||
| 260 |
_aSan Diego : _bAn Odyssey Classic ; _c1959 . |
||
| 300 |
_a283 pages : _billustrations ; _c19 cm . |
||
| 490 |
_a Minnipins _vBook 1 |
||
| 505 | _aZ | ||
| 520 | _aA handful of Minnipins, a sober and sedate people, rise up against the Periods, the leading family of an isolated mountain valley, and are exiled to a mountain where they discover that the ancient enemies of their people are preparing to attack. | ||
| 521 | 8 |
_a950
_bLexile |
|
| 521 | 8 |
_aZ
_bRaz-Plus |
|
| 650 |
_aadventure _vFiction |
||
| 650 |
_achildren's _vFiction |
||
| 700 |
_aBlegvad, Erik _eillustrator |
||
| 942 |
_2ddc _cBK _n0 |
||
| 999 |
_c5439 _d5439 |
||